| Tag |
First Indicator |
Second Indicator |
Subfields |
| LEADER |
00000cam a2200000Ia 4500 |
| 001 |
in00002783054 |
| 005 |
20211120170441.0 |
| 006 |
m o d f |
| 007 |
cr mn||||||||| |
| 008 |
121113s2012 vaua obt f000 0 eng d |
| 035 |
|
|
|a (OCoLC)ocn817725601
|
| 040 |
|
|
|a GPO
|c GPO
|d MvI
|d UtOrBLW
|
| 049 |
|
|
|a WWW
|
| 074 |
|
|
|a 0830-H-15 (online)
|
| 086 |
0 |
|
|a NAS 1.60:2012-217584
|
| 245 |
0 |
0 |
|a Design, optimization, and evaluation of A1-2139 compression panel with integral T-stiffeners /
|c Sameer B. Mulani [and others].
|
| 264 |
|
1 |
|a Hampton, Va. :
|b National Aeronautics and Space Administration, Langley Research Center,
|c [2012]
|
| 300 |
|
|
|a 1 online resource (x, 33 pages) :
|b illustrations (some color).
|
| 336 |
|
|
|a text
|b txt
|2 rdacontent
|
| 337 |
|
|
|a computer
|b c
|2 rdamedia
|
| 338 |
|
|
|a online resource
|b cr
|2 rdacarrier
|
| 490 |
1 |
|
|a NASA TP- ;
|v 2012-217584
|
| 500 |
|
|
|a Title from title screen (viewed on Nov. 13, 2012).
|
| 500 |
|
|
|a "June 2012."
|
| 504 |
|
|
|a Includes bibliographical references (pages 20-22).
|
| 536 |
|
|
|a Sponsored by National Aeronautics and Space Administration
|h 561581.02.08.07.43.01
|
| 536 |
|
|
|d L-20156
|
| 500 |
|
|
|a Electronic resource.
|
| 650 |
|
7 |
|a Design optimization.
|2 nasat
|
| 650 |
|
7 |
|a Finite element method.
|2 nasat
|
| 650 |
|
7 |
|a Photogrammetry.
|2 nasat
|
| 650 |
|
7 |
|a Aluminum alloys.
|2 nasat
|
| 650 |
|
7 |
|a Digital systems.
|2 nasat
|
| 650 |
|
7 |
|a Displacement.
|2 nasat
|
| 650 |
|
7 |
|a Buckling.
|2 nasat
|
| 700 |
1 |
|
|a Mulani, Sameer B.
|
| 710 |
2 |
|
|a Langley Research Center.
|
| 830 |
|
0 |
|a NASA technical paper ;
|v 2012-217584.
|
| 856 |
4 |
0 |
|u https://purl.fdlp.gov/GPO/gpo31180
|t 0
|
| 999 |
|
|
|a MARS
|
| 999 |
f |
f |
|s 5eef20ad-1ae5-3cc6-bf51-8d913c706d7f
|i c420d87c-dc3b-34ab-baab-c297619d2568
|t 0
|
| 952 |
f |
f |
|a Texas A&M University
|b College Station
|c Electronic Resources
|d Available Online
|t 0
|e NAS 1.60:2012-217584
|h Superintendent of Documents classification
|
| 998 |
f |
f |
|a NAS 1.60:2012-217584
|t 0
|l Available Online
|